000
00332pab a2200145 454500
008
180718b2001 xxu||||| |||| 00| 0 eng d
100
_a
Laffont, Jean-Jacques
245
_a
Internet peering
260
_c
2001
300
_a
p.287-91
362
_a
May
650
_a
Internet
773
_a
American Economic Review
909
_a
48833
999
_c
48833
_d
48833